| 000 | 00528nam a2200181 a 4500 | ||
|---|---|---|---|
| 001 | 18 | ||
| 003 | CDMR | ||
| 005 | 20131007110323.0 | ||
| 008 | 130130s1983||||||||||||||||||||||||||||d | ||
| 020 | _a847226579X | ||
| 040 |
_aCDMR _bcat _cCDMR |
||
| 100 | 1 |
_aRibe, Maria Carme _921 |
|
| 245 | 1 | 4 |
_a"La Revista" _b: (1915-1936) : la seva estructura, el seu contingut _cMaria Carme Ribé |
| 260 |
_aBarcelona _bBarcino |
||
| 260 |
_c1983 _bFundació Jaume I |
||
| 490 | 0 |
_aPublicaciones de "La Revista". _aSegona sèrie _v43 |
|
| 942 |
_cMON _2udc |
||
| 999 |
_c18 _d18 |
||